000 01360nam2a22002531 4500
001 rc\4612054
005 20250611205520.0
035 _a(NLR Aleph) 008394538
090 _a9198045
_c9198045
100 _a20130416d1967 |||y0rusy50 ca
101 0 _arus
102 _aRU
105 _aa z |||||
200 0 _aТ. 3. Ч. 2
210 _d1967
_aБ. м.
215 _a85 с.
_cил.
320 _aБиблиогр. в конце докладов
333 _aДля служебного пользования. Экз. № 5
461 0 _1001rc\4612048
_12001#$aОтчет о командировке в Англию [для участия в работе Конференции по проектированию больших полноповоротных антенн]$e[Т. 1]-$fАН СССР. Всесоюз. ин-т науч. и техн. информации$vТ. 3. Ч. 2
_99198010
_cМосква
_d1967
_fАН СССР. Всесоюз. ин-т науч. и техн. информации
_nБ. и.
_o[Т. 1]-
_tОтчет о командировке в Англию [для участия в работе Конференции по проектированию больших полноповоротных антенн]
_vТ. 3. Ч. 2
801 0 _aRU
_bNLR
_gpsbo
801 1 _aRU
_bELAR
_2rusmarc
852 _aNLR
_j50К/9964
942 _cBOOK
980 _aNB